Statistics for Countries by Bordering Flags

Click here to take the quiz!

General Stats

  • This quiz has been taken 18,091 times
  • The average score is 16 of 20

Answer Stats

Flags Country % Correct
Canada
100%
United Kingdom
95%
United States
93%
Sweden
93%
Netherlands
91%
Mongolia
90%
Ireland
90%
Uruguay
90%
Andorra
89%
North Korea
87%
Lesotho
84%
Lebanon
83%
Denmark
81%

Spain
79%
Qatar
75%
Bangladesh
70%
Cambodia
70%
Indonesia
66%
Panama
60%
Brunei
58%

Score Distribution

Percentile by Number Answered

Percent of People with Each Score

Your Score History

You have not taken this quiz